Inversión social en infancia y adolescencia (Registro nro. 3933)

Detalles MARC
000 -LEADER
fixed length control field 01058 a2200241 4500
001 - CONTROL NUMBER
control field 45476
005 - DATE AND TIME OF LATEST TRANSACTION
control field 20260407155727.0
008 - FIXED-LENGTH DATA ELEMENTS--GENERAL INFORMATION
fixed length control field 260407a2008 arg spa d
003 - CONTROL NUMBER IDENTIFIER
control field AR-UNSa-BCEJYS
040 ## - CATALOGING SOURCE
Original cataloging agency AR-UNSa-BCEJYS
Language of cataloging spa
Transcribing agency AR-UNSa-BCEJYS
080 ## - UNIVERSAL DECIMAL CLASSIFICATION NUMBER
Universal Decimal Classification number 336.5
Common auxiliary subdivision Gasto público. Gastos del estado
020 ## - INTERNATIONAL STANDARD BOOK NUMBER
International Standard Book Number 978-92-806-4046-0
041 ## - LANGUAGE CODE
Language code of text/sound track or separate title spa
100 1# - MAIN ENTRY--PERSONAL NAME
Personal name UNICEF
245 10 - TITLE STATEMENT
Title Inversión social en infancia y adolescencia
Name of part/section of a work guía de orientaciones para la participación ciudadana en el presupuesto público
264 #1 - PRODUCTION, PUBLICATION, DISTRIBUTION, MANUFACTURE, AND COPYRIGHT NOTICE
Place of production, publication, distribution, manufacture Buenos Aires :
Name of producer, publisher, distributor, manufacturer UNICEF
Date of production, publication, distribution, manufacture, or copyright notice 2008
300 ## - PHYSICAL DESCRIPTION
Extent 72 p.
Dimensions 23 cm
505 ## - FORMATTED CONTENTS NOTE
Formatted contents note 1. Derechos, políticas públicas e inversión social – 2. El presupuesto público – 3. El gasto público en niñez y adolescencia – 4. La voluntad a la acción.
590 ## - LOCAL NOTE (RLIN)
Local note niveau_biblio:m niveau_hierar:0
700 1# - ADDED ENTRY--PERSONAL NAME
Personal name Centro de Implementación de Políticas Públicas para la Equidad y el Crecimiento (CIPPEC)
856 41 - ELECTRONIC LOCATION AND ACCESS
Uniform Resource Identifier <a href="https://www.biblioeco.unsa.edu.ar/pmb/images/libros/L127112.jpg">https://www.biblioeco.unsa.edu.ar/pmb/images/libros/L127112.jpg</a>
Link text Imagen de portada
Electronic format type image/jpeg
942 ## - ADDED ENTRY ELEMENTS (KOHA)
Koha item type
Existencias
Withdrawn status Lost status Damaged status Not for loan Home library Current library Shelving location Date acquired Total checkouts Full call number Barcode Date last seen Price effective from Koha item type
        Biblioteca Prof. Eusebio Cleto del Rey Biblioteca Prof. Eusebio Cleto del Rey   07/04/2026   336.5 C397 L127112 07/04/2026 07/04/2026 Libro